000 00509nam a2200169 i 4500
001 98262
003 ES-MaACL
005 20230906182239.0
007 t|
008 050727s1972 sp ||||1| spa d
100 1 _aMartí Brugueras, María Montserrat.
_977207
245 1 3 _aLa Tierra
_b: (geografía general) /
_cMaría Montserrat Martí Brugueras.
250 _a[1ª ed.].
260 _aBarcelona :
_bBruguera,
_c1972.
300 _a215 p., 3 h. :
_bil. ;
_c18 cm.
852 _aES-MaACL
_jC-53191
_bR.84392
999 _c98262
_d98262